[Event "Tatry op"]
[Site "Tatranske Zruby"]
[Date "2002.10.04"]
[Round "8"]
[White "Pinc, Miroslav"]
[Black "Baumruk, Josef"]
[Result "1-0"]
[WhiteElo "2221"]
[BlackElo "2101"]
[PlyCount "63"]
[EventDate "2002.09.28"]
[EventType "swiss"]
[EventRounds "9"]
[EventCountry "SVK"]
[SourceTitle "EXT 2005"]
[Source "ChessBase"]
[SourceDate "2004.11.15"]
[SourceVersion "1"]
[SourceVersionDate "2004.11.15"]
[SourceQuality "1"]

1. d4 Nf6 2. Nf3 c5 3. d5 d6 4. Nc3 g6 5. g3 Bg7 6. Bg2 Nbd7 7. 0-0 0-0 8. h3 Ne8 9. a4 Nc7 10. e4 b6 11. Bg5 h6 12. Bf4 f6 13. Be3 Ne5 14. Nh4 g5 15. Nf5 Bxf5 16. exf5 a6 17. Qe2 Qd7 18. f4 Nf7 19. Be4 b5 20. a5 Rfc8 21. Kg2 gxf4 22. gxf4 Nh8 23. Kh2 Qe8 24. Rg1 Qf7 25. Rg3 Kh7 26. Rag1 Rg8 27. Bf3 Ra7 28. b4 cxb4 29. Bxa7 bxc3 30. Qd3 Qe8 31. Bb6 Qd7 32. Qxc3 1-0

[Event "Prague ProMoPro op"]
[Site "Prague"]
[Date "2002.09.10"]
[Round "4.4"]
[White "Taborsky, Rostislav"]
[Black "Pinc, Miroslav"]
[Result "1/2-1/2"]
[WhiteElo "2236"]
[BlackElo "2221"]
[PlyCount "83"]
[EventDate "2002.09.07"]
[EventType "swiss"]
[EventRounds "9"]
[EventCountry "CZE"]
[SourceTitle "EXT 2003"]
[Source "ChessBase"]
[SourceDate "2002.11.25"]
[SourceVersion "1"]
[SourceVersionDate "2002.11.25"]
[SourceQuality "1"]

1. e4 c5 2. Nf3 Nf6 3. Nc3 Nc6 4. d4 cxd4 5. Nxd4 d6 6. g3 Bg4 7. f3 Nxd4 8. Qxd4 Bd7 9. Be3 g6 10. g4 Bg7 11. h4 0-0 12. Qd2 Qa5 13. 0-0-0 Rfc8 14. Kb1 Be6 15. Nd5 Qxd2 16. Rxd2 Bxd5 17. exd5 h5 18. g5 Nd7 19. Bh3 Rc7 20. Bxd7 Rxd7 21. f4 b5 22. Rf1 Rc7 23. Bd4 Bxd4 24. Rxd4 Rac8 25. c3 Rc4 26. Rfd1 Kf8 27. Kc2 a6 28. Rxc4 Rxc4 29. Rd4 Rxd4 30. cxd4 Ke8 31. Kc3 Kd7 32. Kb4 Kc7 33. Ka5 Kb7 34. a4 bxa4 35. Kxa4 Kb6 36. b4 Kb7 37. Ka5 Ka7 38. b5 axb5 39. Kxb5 Kb7 40. Ka5 Ka7 41. Kb5 Kb7 42. Ka5 1/2-1/2

[Event "CZE-chT2 0102"]
[Site "Czech Republic"]
[Date "2002.01.06"]
[Round "6.8"]
[White "Roj, Miroslav"]
[Black "Pinc, Miroslav"]
[Result "1/2-1/2"]
[WhiteElo "2170"]
[BlackElo "2156"]
[PlyCount "69"]
[EventDate "2001.10.??"]
[EventType "team"]
[EventRounds "11"]
[EventCountry "CZE"]
[SourceTitle "EXT 2006"]
[Source "ChessBase"]
[SourceDate "2005.11.24"]
[SourceVersion "1"]
[SourceVersionDate "2005.11.24"]
[SourceQuality "1"]

1. e4 d6 2. d4 Nf6 3. Nc3 g6 4. Be2 c6 5. h4 h5 6. Nf3 b5 7. e5 Ng4 8. Bf4 Bh6 9. Bxh6 Nxh6 10. Ng5 d5 11. Bd3 e6 12. Ne2 Qe7 13. Qd2 Na6 14. c3 Nc7 15. Rh3 Nf5 16. Kf1 a5 17. Re1 b4 18. Kg1 Kf8 19. Rf3 Kg7 20. Ng3 bxc3 21. bxc3 Bd7 22. Rf4 Raf8 23. Nf1 c5 24. Ne3 c4 25. Bxf5 exf5 26. g3 Be6 27. Rf3 Rb8 28. Ng2 Qa3 29. Re2 Rb1+ 30. Kh2 Rhb8 31. Nf4 R8b2 32. Ngxe6+ fxe6 33. Qe3 Rxe2 34. Nxe2 Qe7 35. Qd2 1/2-1/2